Business in action / (Record no. 535233)

000 -LEADER
fixed length control field 01324cam a2200361 i 4500
001 - CONTROL NUMBER
control field 18772222
003 - CONTROL NUMBER IDENTIFIER
control field NUST
005 - DATE AND TIME OF LATEST TRANSACTION
control field 20200901102001.0
008 - FIXED-LENGTH DATA ELEMENTS--GENERAL INFORMATION
fixed length control field 150904s2017 maua b 001 0 eng
010 ## - LIBRARY OF CONGRESS CONTROL NUMBER
LC control number 2015033222
020 ## - INTERNATIONAL STANDARD BOOK NUMBER
International Standard Book Number 978-1-292-16063-4
038 ## - RECORD CONTENT LICENSOR
Staff Name MSOHAIL
040 ## - CATALOGING SOURCE
Original cataloging agency DLC
Language of cataloging eng
Transcribing agency DLC
Description conventions rda
Modifying agency DLC
042 ## - AUTHENTICATION CODE
Authentication code pcc
050 00 - LIBRARY OF CONGRESS CALL NUMBER
Classification number HF1008
Item number .B685 2017
082 00 - DEWEY DECIMAL CLASSIFICATION NUMBER
Classification number 650
Edition number 23
100 1# - MAIN ENTRY--PERSONAL NAME
Personal name Bovée, Courtland L.
9 (RLIN) 7258
245 10 - TITLE STATEMENT
Title Business in action /
Statement of responsibility, etc. Courtland L. Bovée, Professor of Business C. Allen Paul Distinguished Chair Grossmont College, John V. Thill, Chairman and Chief Executive Officer Global Communication Strategies.
250 ## - EDITION STATEMENT
Edition statement Eighth edition. (Global edition)
264 #1 - PRODUCTION, PUBLICATION, DISTRIBUTION, MANUFACTURE, AND COPYRIGHT NOTICE
Place of production, publication, distribution, manufacture Boston :
Name of producer, publisher, distributor, manufacturer Pearson,
Date of production, publication, distribution, manufacture, or copyright notice [2017]
300 ## - PHYSICAL DESCRIPTION
Extent xlvi, 606 pages :
Other physical details illustrations ;
Dimensions 28 cm
336 ## - CONTENT TYPE
Content type term text
Source rdacontent
337 ## - MEDIA TYPE
Media type term unmediated
Source rdamedia
338 ## - CARRIER TYPE
Carrier type term volume
Source rdacarrier
504 ## - BIBLIOGRAPHY, ETC. NOTE
Bibliography, etc. note Includes bibliographical references and index.
650 #0 - SUBJECT ADDED ENTRY--TOPICAL TERM
Topical term or geographic name entry element Business.
9 (RLIN) 29682
650 #0 - SUBJECT ADDED ENTRY--TOPICAL TERM
Topical term or geographic name entry element Commerce.
9 (RLIN) 29683
650 #0 - SUBJECT ADDED ENTRY--TOPICAL TERM
Topical term or geographic name entry element Industrial management.
9 (RLIN) 29684
700 1# - ADDED ENTRY--PERSONAL NAME
Personal name Thill, John V.
9 (RLIN) 21914
906 ## - LOCAL DATA ELEMENT F, LDF (RLIN)
a 7
b cbc
c orignew
d 1
e ecip
f 20
g y-gencatlg
942 ## - ADDED ENTRY ELEMENTS (KOHA)
Source of classification or shelving scheme
Koha item type Book
Holdings
Withdrawn status Lost status Source of classification or shelving scheme Damaged status Not for loan Permanent Location Current Location Date acquired Total Checkouts Full call number Barcode Date last seen Price effective from Koha item type
          School of Civil and Environmental Engineering (SCEE) School of Civil and Environmental Engineering (SCEE) 09/01/2020   650 NIT-13129 09/01/2020 09/01/2020 Book
© 2023 Central Library, National University of Sciences and Technology. All Rights Reserved.